000 00564nam a22002057a 4500
003 OSt
005 20151203140442.0
008 151203b xxu||||| |||| 00| 0 eng d
020 _a0130918911
040 _cDNLM
082 _aWU29 H212p 2004
100 _aHarris, Norman O.; Garcia-Godoy, Franklin
_96466
245 _aPrimary Preventive Dentistry
250 _a6th ed.
260 _aNew Jersey; Pearson, 2004
300 _axiv,706p; ill: 24.5cm
504 _aAnswers, references, glossary, & index included
650 _aDental
_93287
942 _2z
_cO_SHELF
999 _c2797
_d2797